[Event "4NCL Division 2c"]
[Site "Telford, ENG"]
[Date "2018.05.05"]
[Round "9.41"]
[White "Macklin, Paul"]
[Black "Birtwistle, Nigel"]
[Result "1/2-1/2"]
[WhiteElo "2395"]
[BlackElo "2136"]
[PlyCount "50"]
[EventDate "2018.05.05"]
[WhiteTeam "Manchester Manticores 1"]
[BlackTeam "Grantham Sharks 2"]

1. e4 c5 2. Nf3 g6 3. c3 Bg7 4. d4 cxd4 5. cxd4 d5 6. exd5 Nf6 7. Nc3 Nxd5 8.
Bc4 Nb6 9. Bb3 O-O 10. O-O Nc6 11. d5 Na5 12. Re1 Bg4 13. Bg5 Re8 14. d6 Qxd6
15. Bxf7+ Kxf7 16. Rxe7+ Qxe7 17. Bxe7 Kxe7 18. Nd5+ Kf8 19. Nxb6 axb6 20. Qd6+
Kg8 21. Qxb6 Bxf3 22. gxf3 Ra6 23. Qb5 Re5 24. Qd7 Rae6 25. Rc1 Re7 1/2-1/2

[Event "4NCL Division 2c"]
[Site "Telford, ENG"]
[Date "2018.05.05"]
[Round "9.42"]
[White "Mcgowan, Daniel"]
[Black "Polaczek, Richard"]
[Result "0-1"]
[WhiteElo "2162"]
[BlackElo "2378"]
[PlyCount "72"]
[EventDate "2018.05.05"]
[WhiteTeam "Grantham Sharks 2"]
[BlackTeam "Manchester Manticores 1"]

1. e4 Nf6 2. e5 Nd5 3. d4 d6 4. Nf3 g6 5. Bc4 Nc6 6. Bb3 Bg7 7. O-O O-O 8. a4
a5 9. exd6 cxd6 10. h3 Nb6 11. Nc3 Nb4 12. Re1 h6 13. Ne2 e5 14. Ng3 Qc7 15. c3
Nc6 16. Qd3 Kh7 17. Be3 f5 18. dxe5 dxe5 19. Qb5 Nd7 20. Nf1 b6 21. Bd5 Bb7 22.
Rad1 Rf6 23. Qc4 f4 24. Bc1 Nc5 25. Qa2 Rd6 26. Bc4 Rxd1 27. Rxd1 e4 28. N3h2
Rf8 29. Bb5 Ne5 30. Ng4 Nxg4 31. hxg4 e3 32. fxe3 f3 33. b4 f2+ 34. Kh1 Ne4 35.
Rd7 Ng3+ 36. Nxg3 Qxg3 0-1

[Event "4NCL Division 2c"]
[Site "Telford, ENG"]
[Date "2018.05.05"]
[Round "9.43"]
[White "Jaunooby, Ali R"]
[Black "Varnam, Liam D"]
[Result "0-1"]
[WhiteElo "2177"]
[BlackElo "2068"]
[PlyCount "54"]
[EventDate "2018.05.05"]
[WhiteTeam "Manchester Manticores 1"]
[BlackTeam "Grantham Sharks 2"]

1. d4 d5 2. Bf4 Nf6 3. e3 c5 4. c3 Nc6 5. Nd2 e6 6. Bg3 Bd6 7. f4 cxd4 8. exd4
Qc7 9. Qb3 h5 10. Nh3 Bd7 11. Bd3 O-O-O 12. O-O h4 13. Bf2 Rdg8 14. Be3 Nh5 15.
Ng5 f6 16. Nf7 g5 17. Nxh8 g4 18. Qc2 Nxf4 19. Bxf4 Bxf4 20. Ng6 Bxh2+ 21. Kh1
f5 22. Ne5 Nxe5 23. dxe5 Bxe5 24. c4 d4 25. c5 h3 26. g3 Bc6+ 27. Kg1 h2+ {
Unable to continue game from scoresheet.} 0-1

[Event "4NCL Division 2c"]
[Site "Telford, ENG"]
[Date "2018.05.05"]
[Round "9.44"]
[White "Milson, Samuel A"]
[Black "Hamer, Martyn"]
[Result "1/2-1/2"]
[WhiteElo "2105"]
[BlackElo "2102"]
[PlyCount "82"]
[EventDate "2018.05.05"]
[WhiteTeam "Grantham Sharks 2"]
[BlackTeam "Manchester Manticores 1"]

1. e4 e5 2. Nf3 Nc6 3. Bb5 a6 4. Ba4 d6 5. Bxc6+ bxc6 6. d4 exd4 7. Qxd4 Qf6 8.
e5 Qg6 9. Qc3 Bd7 10. O-O Be7 11. Re1 d5 12. Be3 Nh6 13. Bc5 Nf5 14. Qa3 Bxc5
15. Qxc5 Qe6 16. Nbd2 Qe7 17. Nb3 h5 18. Qxe7+ Kxe7 19. Nc5 Rhb8 20. b3 Be6 21.
a4 a5 22. Rad1 Rb4 23. Rd3 Rg8 24. Red1 g5 25. Rc3 g4 26. Ne1 Rb6 27. Nxe6 Kxe6
28. Nd3 Ke7 29. g3 Nd4 30. Kg2 Nf3 31. Rc5 Ra6 32. c4 dxc4 33. Rxc4 Rd8 34. h3
Nxe5 35. Re1 gxh3+ 36. Kxh3 Rxd3 37. Rxe5+ Kd6 38. Rxh5 Rxb3 39. Rd4+ Ke6 40.
Re4+ Kf6 41. Rf4+ Kg6 1/2-1/2

[Event "4NCL Division 2c"]
[Site "Telford, ENG"]
[Date "2018.05.05"]
[Round "9.45"]
[White "Peacock, Malcolm R"]
[Black "Murphy, Hugh W"]
[Result "0-1"]
[WhiteElo "2080"]
[BlackElo "2097"]
[PlyCount "74"]
[EventDate "2018.05.05"]
[WhiteTeam "Manchester Manticores 1"]
[BlackTeam "Grantham Sharks 2"]

1. c4 e5 2. g3 Nc6 3. Bg2 f5 4. Nc3 Nf6 5. d3 Bc5 6. e3 f4 7. exf4 d6 8. Nge2
O-O 9. h3 Qe8 10. Nd5 Nxd5 11. cxd5 exf4 12. Bxf4 Nd4 13. Be4 Bf5 14. Nc3 Qd7
15. Be3 Rae8 16. f4 b5 17. g4 b4 18. gxf5 bxc3 19. bxc3 Nxf5 20. Bxc5 dxc5 21.
Qg4 Rf6 22. Kd2 c4 23. Bxf5 Rxf5 24. dxc4 c6 25. Rae1 Ref8 26. Re5 cxd5 27.
Rhe1 h5 28. Re7 Qxe7 29. Rxe7 hxg4 30. hxg4 Rxf4 31. cxd5 Ra4 32. Ke3 Rd8 33.
Re5 Rxg4 34. Kd3 Kf7 35. c4 Rc8 36. d6 Rcxc4 37. Rd5 Ke8 0-1

[Event "4NCL Division 2c"]
[Site "Telford, ENG"]
[Date "2018.05.05"]
[Round "9.46"]
[White "Kafka, Graeme"]
[Black "Mazek, Marek"]
[Result "1/2-1/2"]
[WhiteElo "2053"]
[BlackElo "2110"]
[PlyCount "43"]
[EventDate "2018.05.05"]
[WhiteTeam "Grantham Sharks 2"]
[BlackTeam "Manchester Manticores 1"]

1. e4 c5 2. Nf3 d6 3. d4 cxd4 4. Nxd4 Nf6 5. Nc3 a6 6. h3 e5 7. Nde2 Be6 8. Bg5
h6 9. Bxf6 Qxf6 10. Nd5 Qd8 11. Nec3 Nc6 12. Bd3 g6 13. O-O Bg7 14. Ne3 Rc8 15.
Bc4 Nd4 16. Bxe6 fxe6 17. Ne2 O-O 18. c3 Nxe2+ 19. Qxe2 h5 20. Rad1 b5 21. a4
Qb6 22. axb5 1/2-1/2

[Event "4NCL Division 2c"]
[Site "Telford, ENG"]
[Date "2018.05.05"]
[Round "9.47"]
[White "Rahulan, Thivyaa"]
[Black "Russian, Carlo"]
[Result "0-1"]
[WhiteElo "2020"]
[BlackElo "2004"]
[PlyCount "52"]
[EventDate "2018.05.05"]
[WhiteTeam "Manchester Manticores 1"]
[BlackTeam "Grantham Sharks 2"]

1. e4 e5 2. Nf3 Nc6 3. Bc4 Nf6 4. d3 Be7 5. O-O O-O 6. c3 d5 7. exd5 Nxd5 8. h3
Nb6 9. Bb3 Bf5 10. Bc2 Qd6 11. Qe2 Rad8 12. Rd1 Qg6 13. Kh1 Rfe8 14. Na3 Qh5
15. Kg1 Bxa3 16. bxa3 Rd6 17. Bf4 Nd5 18. Bd2 Bxh3 19. gxh3 Qxh3 20. Ng5 Rg6
21. Qf1 Qg4+ 22. Kh2 Nf4 23. Nh3 Rh6 24. Bxf4 Qxf4+ 25. Kg2 Rxh3 26. Qe2 Qh2+
0-1

[Event "4NCL Division 2c"]
[Site "Telford, ENG"]
[Date "2018.05.05"]
[Round "9.48"]
[White "Jasinska, Iga"]
[Black "Mulleady, Peter J"]
[Result "0-1"]
[WhiteElo "985"]
[BlackElo "2087"]
[PlyCount "48"]
[EventDate "2018.05.05"]
[WhiteTeam "Grantham Sharks 2"]
[BlackTeam "Manchester Manticores 1"]

1. e4 e5 2. Nf3 Nf6 3. Nc3 Nc6 4. Bc4 Bb4 5. O-O O-O 6. d4 exd4 7. Nxd4 Bxc3 8.
Nb5 Bb4 9. Re1 Bxe1 10. Qxe1 d6 11. f3 Be6 12. Qg3 Bxc4 13. Bh6 Ne8 14. Nd4
Nxd4 15. Re1 Ne2+ 16. Rxe2 Bxe2 17. f4 c6 18. h4 Qb6+ 19. Kh2 Qd4 20. c3 Qxe4
21. Qg5 Kh8 22. Bxg7+ Nxg7 23. Qf6 Bf1 24. Qxd6 Qxg2# 0-1